[Event "Olympiad-34"]
[Site "Istanbul"]
[Date "2000.11.04"]
[Round "7.3"]
[White "Lima, Darcy Gustavo Macha"]
[Black "Bogdanovski, Vlatko"]
[Result "1-0"]
[WhiteElo "2525"]
[BlackElo "2435"]
[Annotator "Hecht,H"]
[PlyCount "133"]
[EventDate "2000.10.28"]
[EventType "team-swiss"]
[EventRounds "14"]
[EventCountry "TUR"]
[SourceTitle "EXT 2001"]
[Source "ChessBase"]
[SourceDate "2000.11.22"]
[SourceVersion "1"]
[SourceVersionDate "2000.11.22"]
[SourceQuality "1"]
[WhiteTeam "Brazil"]
[BlackTeam "Macedonia"]
[WhiteTeamCountry "BRA"]
[BlackTeamCountry "MKD"]

1. e4 d6 2. d4 g6 3. g3 Bg7 4. Bg2 c5 5. d5 Nf6 6. Ne2 O-O 7. a4 Na6 8. O-O Nc7
9. Na3 Rb8 10. Nc3 b6 11. Re1 a6 12. Nc4 Ng4 13. h3 Ne5 14. Nxe5 Bxe5 15. Bh6
Re8 16. Qd2 Bb7 17. Nd1 e6 18. c3 exd5 19. exd5 Bg7 20. Rxe8+ Nxe8 21. Bxg7
Nxg7 22. Ne3 Bc8 23. b4 Qc7 24. Bf1 Nf5 25. Ng4 Qd8 26. Re1 Bd7 27. Bd3 h5 28.
Bxf5 hxg4 29. Bxg4 Bxa4 30. Qa2 b5 31. Qd2 Qf6 32. bxc5 dxc5 33. d6 b4 34. cxb4
cxb4 35. d7 b3 36. Rd1 b2 37. Rb1 Rd8 38. Rxb2 Qe7 39. Qa5 Bb5 40. Rc2 Bxd7 41.
Re2 Be6 42. Bxe6 fxe6 43. Qxa6 Kf7 44. Qc6 Rd6 45. Qe4 Qf6 46. Ra2 Qd4 47. Qf3+
Kg7 48. Re2 e5 49. Kg2 Rf6 50. Qe3 Qd5+ 51. Kg1 Re6 52. Rd2 Qb7 53. Kh2 Re7 54.
h4 Qc6 55. Rb2 Qf6 56. Rb6 Qf5 57. Rb5 Qf6 58. Rb6 Qf5 59. Kg2 Kh7 60. Rb5 Qf6
61. Rb4 Kg7 {[#] Nach längerer Lavierphase wird der weiße Turm nach g5
überführt, von wo aus nicht nur die schwarzen Bauern fixiert werden....} 62.
Rg4 Kf7 63. Rg5 Re6 64. h5 $1 gxh5 65. Rxh5 e4 $2 (65... Kg7 $142 {wonach Weiß
viele Angriffsmöglichkeiten hat, z.B. De4 oder auch g4.}) 66. Qa7+ Ke8 (66...
Re7 67. Rh7+ {mit Generaltausch}) (66... Kg6 67. Qh7#) (66... Kg8 67. Qh7+ Kf8
68. Rf5 $18) 67. Rh8+ $1 1-0

[Event "San Martin"]
[Site "San Martin"]
[Date "1995.??.??"]
[Round "3"]
[White "Ginzburg, Maximiliano"]
[Black "Spangenberg, Hugo"]
[Result "0-1"]
[WhiteElo "2450"]
[BlackElo "2500"]
[Annotator "Hecht,H"]
[PlyCount "156"]
[EventDate "1995.03.??"]
[EventType "tourn"]
[EventRounds "13"]
[EventCountry "ARG"]
[EventCategory "10"]
[SourceTitle "CBM 048"]
[Source "ChessBase"]
[SourceDate "1995.10.01"]
[SourceVersion "1"]
[SourceVersionDate "1995.10.01"]
[SourceQuality "1"]

1. e4 g6 2. d4 Bg7 3. Nc3 c6 4. Bc4 d5 5. exd5 b5 6. Bb3 b4 7. Nce2 cxd5 8. a3
bxa3 9. Rxa3 Nf6 10. Nf3 O-O 11. O-O Bg4 12. Ne5 Bxe2 13. Qxe2 Qb6 14. Be3 e6
15. Rfa1 Nfd7 16. f4 Rc8 17. Qf3 Bf8 18. Ra5 Nxe5 19. fxe5 Nc6 20. Ra6 Qb7 21.
Qe2 Rc7 22. h4 Rac8 23. R6a4 Qb6 24. h5 Nb4 25. c3 Nc6 26. Bd1 a5 27. R1a2 Rb7
28. Bc2 Qd8 29. Bd3 Rcb8 30. Qg4 Qe8 31. Bc1 Bg7 32. Ra1 Rb6 33. R4a2 R8b7 34.
Bc2 Qf8 35. Qh4 Qe7 36. Bg5 Qc7 37. Qf2 Rxb2 38. Bc1 Rxa2 39. Rxa2 Ne7 40. Qf3
gxh5 41. Ba3 Qc4 42. Ra1 Ng6 43. Bd6 Qb5 44. Qxh5 Qb6 45. Qd1 Bf8 46. Bxf8 Kxf8
47. Qc1 Qd8 48. Ra2 Kg7 49. g3 h6 50. Kg2 Ra7 51. Bxg6 fxg6 {Q+R - Q+R
schwarzer a-Frei-P,Kompensation durch Spiel gegen P-Schwächen e6+g6, Lavieren,
nach Linienöffnung am K-Flügel schwarzer Konterangriff} 52. Rf2 a4 53. Qc2 a3
54. Rf6 Qe8 55. Qa2 Ra6 56. Kh3 Kh7 57. Kg4 Ra7 58. Kh3 Qc6 59. Qb1 Rg7 60. Rf8
Qb7 61. Qa2 Qa7 62. Rf6 Qa6 63. Rf8 Ra7 64. Rf6 Qb5 65. Qf2 Qd7 66. Qa2 Qe8 67.
Kh4 Kg7 68. Kh3 Kg8 69. Kh4 Kh7 70. Kh3 h5 71. g4 Kg8 72. gxh5 (72. g5 $5)
72... gxh5 73. Kh4 Qb5 74. Rxe6 $2 (74. Qf2 $1) 74... Rg7 75. Rf6 Qd7 76. Qe2 (
76. e6 Qe7 77. Qf2 Rg6 $19) 76... a2 77. Ra6 Rg4+ 78. Kxh5 Qf5+ 0-1

[Event "Jakarta"]
[Site "Jakarta"]
[Date "1994.??.??"]
[Round "4"]
[White "Hracek, Zbynek"]
[Black "Xu, Jun"]
[Result "1-0"]
[WhiteElo "2510"]
[BlackElo "2550"]
[Annotator "Hecht,H"]
[PlyCount "157"]
[EventDate "1994.04.??"]
[EventType "tourn"]
[EventRounds "13"]
[EventCountry "INA"]
[EventCategory "10"]
[SourceTitle "CBM 041"]
[Source "ChessBase"]
[SourceDate "1994.08.01"]
[SourceVersion "1"]
[SourceVersionDate "1994.08.01"]
[SourceQuality "1"]

1. d4 d6 2. e4 g6 3. Nc3 Bg7 4. Nf3 c6 5. Be2 b5 6. O-O b4 7. Na4 Nf6 8. e5 Nd5
9. a3 a5 10. c4 bxc3 11. bxc3 O-O 12. c4 Nb6 13. Nxb6 Qxb6 14. exd6 exd6 15.
Bf4 Qd8 16. Rb1 Bf5 17. Bd3 Bg4 18. Be3 Nd7 19. h3 Bxf3 20. Qxf3 c5 21. Be4 Rb8
22. Rxb8 Qxb8 23. Rb1 Qe8 24. dxc5 dxc5 25. Bd5 Kh8 26. Rb7 f5 27. Bc6 Ne5 28.
Bxe8 Nxf3+ 29. gxf3 Rxe8 30. Bxc5 Kg8 31. Ra7 Re1+ 32. Kg2 Rc1 33. Ra8+ Kf7 34.
Ra7+ Kg8 35. Rxa5 Rxc4 36. Bb4 Bd4 37. Rd5 Bb6 38. Rd6 Bc7 39. Rd7 Bb6 40. Rd6
Bc7 41. Rd7 Bb6 42. Kf1 Rc1+ 43. Ke2 Rc8 44. Re7 Rd8 45. Rb7 Re8+ 46. Re7 Rc8
47. Re6 Bd4 48. Rd6 Re8+ 49. Kf1 Bg7 50. Rd2 Bf8 51. Bxf8 Kxf8 52. a4 Kf7 53.
a5 Ra8 54. Ra2 Ra6 55. Ke2 Ke6 56. Ke3 Ke5 57. Ra4 h6 58. Ra1 Kd5 (58... f4+
59. Kd3 Kd5 60. h4 h5 (60... g5 61. hxg5 hxg5 62. Rg1 Rg6 63. a6 $18) 61. Rg1
Kc5 62. Ke4 Rf6 63. Ra1 $18) 59. h4 Ke5 60. Ra2 Kd5 61. Kd3 Kc5 62. Kc3 Kb5 63.
Kd4 Kc6 64. Ke5 Kd7 (64... Kb5 65. h5 gxh5 66. Kxf5 Kb4 67. Ra1 Kb3 68. f4 Kb2
69. Re1 Rxa5+ 70. Kg6 Kc2 71. f5 Kd2 72. Rh1 $18) 65. h5 gxh5 66. Kxf5 Ke7 67.
Kf4 Kd6 (67... Kf6 68. Ra4 Kg6 69. Kg3 Kg5 70. f4+ Kf5 71. Kh4 Kg6 72. f3 $18)
68. Kg3 Kc5 69. Kh4 Kb4 70. Kxh5 Kb3 71. Ra1 Kb2 72. Ra4 Kb3 73. Re4 Rxa5+ 74.
Kxh6 Ra2 75. f4 Rxf2 76. Kg6 Rg2+ 77. Kf6 Rg4 78. Ke5 Kc3 79. f5 1-0

[Event "Linares Anibal op 07th"]
[Site "Linares"]
[Date "2000.01.08"]
[Round "2"]
[White "Sharma, Dinesh Kumar"]
[Black "Dzhumaev, Marat"]
[Result "1-0"]
[WhiteElo "2327"]
[BlackElo "2457"]
[Annotator "Hecht,H"]
[PlyCount "121"]
[EventDate "2000.01.07"]
[EventType "swiss"]
[EventRounds "10"]
[EventCountry "ESP"]
[SourceTitle "CBM 075"]
[Source "ChessBase"]
[SourceDate "2000.04.05"]
[SourceVersion "1"]
[SourceVersionDate "2000.04.05"]
[SourceQuality "1"]

1. e4 g6 2. d4 Bg7 3. Nc3 d6 4. Be3 c6 5. h4 b5 6. a3 Nd7 7. Bd3 Bb7 8. h5 Qc7
9. Nf3 Ngf6 10. hxg6 hxg6 11. Rxh8+ Bxh8 12. Ng5 a6 13. Qf3 e5 14. Qh3 Bg7 15.
O-O-O Qd8 16. dxe5 dxe5 17. Nf3 Qe7 18. Bh6 Bxh6+ 19. Qxh6 O-O-O 20. Qg5 c5 21.
g3 Qe6 22. Qh4 Qg4 23. Qxg4 Nxg4 24. Rf1 Nf8 25. Ng5 f6 26. Be2 Nh2 27. Rh1
fxg5 28. Rxh2 Rd6 29. Bg4+ Kc7 30. f3 Rf6 31. Nd1 Bc8 32. Ne3 Rf7 33. Rf2 Ne6
34. Nd5+ Kb7 35. Kd2 Nd4 36. Bxc8+ Kxc8 37. f4 gxf4 38. gxf4 exf4 39. Rxf4 Rh7
40. Rf8+ Kb7 41. Rf2 g5 42. c3 Nb3+ 43. Ke2 c4 44. Rg2 Rg7 45. e5 Kc6 46. Nf6
Nc5 47. Ke3 Rg6 48. Kf3 Rh6 49. Kg4 Rh1 50. Re2 Ne6 51. Rd2 Nc5 52. Rd6+ Kb7
53. Kxg5 Re1 54. Kf5 Rf1+ 55. Kg6 Re1 {[#] Taktik: Springergabel!} 56. Nd7 Ne4
(56... Nxd7 57. Rxd7+ Kc6 58. Rd6+ Kc5 59. Kf6 Re2 60. Rxa6 Rxb2 61. e6 $18)
57. Rd4 Kc7 58. Kf5 Ng3+ 59. Ke6 Nh5 60. Rg4 Rf1 {[#] Springerfang oder
verlorenes Turmendspiel} 61. Nf6 (61. Nf6 Nf4+ 62. Rxf4 Rxf4 63. Nd5+ $18) 1-0

[Event "Asia-ch"]
[Site "Kolkata"]
[Date "2001.08.14"]
[Round "8"]
[White "Wang, Zili"]
[Black "Dzhumaev, Marat"]
[Result "1/2-1/2"]
[WhiteElo "2557"]
[BlackElo "2497"]
[Annotator "Hecht,H"]
[PlyCount "149"]
[EventDate "2001.08.09"]
[EventType "swiss"]
[EventRounds "11"]
[EventCountry "IND"]
[SourceTitle "CBM 085"]
[Source "ChessBase"]
[SourceDate "2001.11.13"]
[SourceVersion "1"]
[SourceVersionDate "2001.11.13"]
[SourceQuality "1"]

1. e4 g6 2. d4 Bg7 3. Nc3 d6 4. Bg5 c6 5. Qd2 b5 6. f4 b4 7. Nd1 a5 8. Nf3 Nf6
9. Nf2 d5 10. Bd3 dxe4 11. Nxe4 Bg4 12. Ne5 Bf5 13. Nxf6+ exf6 14. Bxf5 fxg5
15. Be4 O-O 16. fxg5 Ra7 17. O-O-O c5 18. h4 Re7 19. Bf3 a4 20. h5 Qxd4 21.
Qxd4 cxd4 22. Nd3 Na6 23. hxg6 hxg6 24. Nf4 Nc7 25. Nd3 Rb8 26. Rde1 Rxe1+ 27.
Rxe1 Ne6 28. Bc6 a3 29. bxa3 bxa3 30. Bd5 Nxg5 31. Re7 Rd8 32. Bb3 Bf8 33. Re5
Nh7 34. Kd1 Nf6 35. Ra5 Bd6 36. Ra4 Ng4 37. Rxd4 Ne3+ 38. Ke2 Nf5 39. Ra4 Re8+
40. Kd2 Re7 41. Ra6 Kg7 42. g4 Ng3 43. Bd5 Nf1+ 44. Kc3 Rc7+ 45. Rc6 Ne3 46.
Bf3 Rxc6+ 47. Bxc6 Nxg4 48. Kd4 Kf6 49. c4 Ne5 50. Nxe5 Bxe5+ 51. Kd5 {[#]
Verbundene Freibauern} Bf4 (51... Bc7 52. c5 Kg5 53. Ba4 f5 54. Ke6 f4 55. Bd1
(55. Kd7 Bb8 56. c6 f3 57. c7 Bxc7 58. Kxc7 f2 59. Bb5 Kf4 $19) 55... Kh4 56.
Kf6 g5 57. Kf5 Kg3 58. Kxg5 f3 59. Kf5 f2 60. Be2 Kg2 61. Ke4 f1=Q 62. Bxf1+
Kxf1 63. Kd3 $11 {auch ohne den Bc5}) 52. c5 Ke7 53. Kc4 f5 54. Kb3 Bc1 55. Bb7
Kd7 56. Bd5 g5 57. c6+ Kd6 58. c7 Kxc7 59. Be6 f4 60. Bg4 Kd6 61. Kc2 Be3 62.
Kd3 Ke5 63. Ke2 Ke4 64. Bh5 $11 {Totalblockade der schwarzen Freibauern.} Bc5
65. Bg6+ Kd4 66. Kf3 Bd6 67. Bf5 Ke5 68. Bh3 Kd5 69. Bg4 Kc4 70. Bh3 Kd3 71.
Bg4 Kc2 72. Bh3 Kb1 73. Be6 Kb2 74. Kg4 Kc3 75. Kf3 1/2-1/2

[Event "Sakthi"]
[Site "Sakthi"]
[Date "1996.??.??"]
[Round "6"]
[White "Tilak, Sharad S"]
[Black "Prasad, Devaki V"]
[Result "0-1"]
[WhiteElo "2385"]
[BlackElo "2445"]
[Annotator "Hecht,H"]
[PlyCount "70"]
[EventDate "1996.??.??"]
[EventType "tourn"]
[EventRounds "11"]
[EventCountry "IND"]
[EventCategory "9"]
[SourceTitle "CBM 053"]
[Source "ChessBase"]
[SourceDate "1996.08.01"]
[SourceVersion "1"]
[SourceVersionDate "1996.08.01"]
[SourceQuality "1"]

1. e4 g6 2. d4 Bg7 3. Nc3 c6 4. Bc4 d6 5. Qf3 e6 6. Nge2 Nd7 7. Bb3 Ngf6 8. O-O
O-O 9. Bg5 Qc7 10. h3 a6 11. a4 b6 12. Qe3 c5 13. Bh6 Bb7 14. Bxg7 Kxg7 15. d5
c4 16. Ba2 exd5 17. exd5 Rfe8 18. Qd4 Rac8 19. Ng3 Qc5 20. Qxc5 Rxc5 21. Rfe1
Rxe1+ 22. Rxe1 b5 23. axb5 axb5 24. Rd1 Nb6 25. Nge4 Nxe4 26. Nxe4 Rxd5 27.
Rxd5 Bxd5 28. Nxd6 {[%csl Ra2,Rb2][%cal Rb5b3,Rb6a4,Ra4b2] [#] schlechte weiße
Figuren, schwacher Bb2} b4 29. Ne8+ (29. b3 c3 30. Nb5 Kf6 31. Nd4 Ke5 32. Ne2
Be4 33. Bb1 Nd5 {[%cal Rd5c7,Rc7b5,Rb5a3,Re2c1,Rc1a2] Eine Variante zum
Schmunzeln:} 34. Nc1 Kd4 35. Na2 Kc5 36. Kf1 Nc7 37. f3 Bf5 38. Ke1 Nb5 39. Kd1
Na3 40. Kc1 g5 $19) 29... Kf8 30. Nc7 b3 31. cxb3 cxb3 32. Bb1 Bc4 33. Be4 Na4
34. f4 Nxb2 35. Nd5 f5 0-1

[Event "Linz"]
[Site "Linz"]
[Date "1997.05.19"]
[Round "3"]
[White "Casagrande, Harald"]
[Black "Beim, Valery"]
[Result "0-1"]
[WhiteElo "2365"]
[BlackElo "2555"]
[Annotator "Hecht,H"]
[PlyCount "84"]
[EventDate "1997.05.17"]
[EventType "tourn"]
[EventRounds "9"]
[EventCountry "AUT"]
[EventCategory "12"]
[SourceTitle "CBM 059"]
[Source "ChessBase"]
[SourceDate "1997.08.01"]
[SourceVersion "1"]
[SourceVersionDate "1997.08.01"]
[SourceQuality "1"]

1. e4 g6 2. h4 d5 3. exd5 Qxd5 4. h5 Bg7 5. Nc3 Qa5 6. Bc4 Nc6 7. Nge2 Bg4 8.
f3 Bf5 9. d3 Ne5 10. Bb3 O-O-O 11. h6 Bf8 12. Be3 c5 13. Rh4 e6 14. Qd2 f6 15.
Ra4 Qb6 16. f4 Nc6 17. O-O-O Nxh6 18. Ng3 Nd4 19. Nge4 Ng4 20. Rc4 Bxe4 21.
Nxe4 Be7 22. Bg1 Kb8 23. Nc3 a6 24. Re1 Nxb3+ 25. axb3 Qc6 26. Qe2 f5 27. Qxe6
Qxe6 28. Rxe6 Rhe8 29. Bxc5 Bxc5 30. Rxe8 Be3+ 31. Rxe3 Nxe3 {starker
schwarzer Randfreibauer führt zur Eroberung der Bauernschwäche f4 und klarem
Gewinn mit verbundenen Freibauern.} 32. Rc5 Nxg2 33. Ne2 h5 34. Re5 h4 35. Re6
Rg8 36. Re7 Rh8 37. Rg7 Rh6 38. Ng1 (38. Kd2 h3 39. Ng3 h2 40. Nh1 Nxf4 41. Ke3
Rh4 42. Kf3 Rg4 43. Rh7 Nh5 $19) 38... Nxf4 39. Nf3 h3 40. Nh2 Rh8 41. Re7 Rh5
42. Kd2 Rg5 0-1

[Event "Linz"]
[Site "Linz"]
[Date "1997.05.21"]
[Round "5"]
[White "Wach, Markus"]
[Black "Bacrot, Etienne"]
[Result "1/2-1/2"]
[WhiteElo "2415"]
[BlackElo "2500"]
[Annotator "Hecht,H"]
[PlyCount "173"]
[EventDate "1997.05.17"]
[EventType "tourn"]
[EventRounds "9"]
[EventCountry "AUT"]
[EventCategory "12"]
[SourceTitle "CBM 059"]
[Source "ChessBase"]
[SourceDate "1997.08.01"]
[SourceVersion "1"]
[SourceVersionDate "1997.08.01"]
[SourceQuality "1"]

1. e4 g6 2. d4 Bg7 3. Nf3 d6 4. Bc4 Nf6 5. Qe2 c6 6. Bb3 e5 7. dxe5 dxe5 8. O-O
Qe7 9. Rd1 O-O 10. Nbd2 a5 11. a4 Na6 12. Nc4 Nc5 13. Ncxe5 Nfxe4 14. Bxf7+
Rxf7 15. Nxf7 Kxf7 16. Ng5+ Nxg5 17. Qxe7+ Kxe7 18. Bxg5+ Kf7 19. Be3 Ne6 20.
c3 Nc7 21. Bd4 Be6 22. Bxg7 Kxg7 23. Rd4 Kf6 24. Re1 Re8 25. f4 Kf7 26. Re5 Bd5
27. Rxe8 Kxe8 28. f5 gxf5 29. Rh4 Bg8 30. Rf4 Be6 31. Rh4 Bg8 32. Rf4 b6 33.
Rxf5 Na6 34. Rf4 Bb3 35. Rf6 Kd7 36. g4 Nc5 37. h4 Nxa4 38. Rf2 Ke7 39. g5 Bf7
40. Kh2 b5 41. Kg3 Nc5 42. Kg4 a4 43. h5 Be6+ 44. Kh4 Ne4 45. Rf4 Nd6 46. Rf2
c5 47. g6 h6 48. g7 Ne8 49. Rg2 Nf6 50. Rf2 Bd5 (50... Kf7 $2 51. g8=Q+) 51.
Rf5 Ke6 52. Rf1 Bc4 53. Rf2 Ke5 54. Rc2 Ke4 55. Rg2 Kd3 56. Rf2 Ng8 57. Kg3 b4
(57... a3 58. bxa3 (58. Rf3+ Kc2 59. bxa3 Kb3 60. Kf4 Kxa3 61. Ke5 $13 {
[%csl Rc5]}) 58... Kxc3 59. Kf4 b4 $19) 58. cxb4 cxb4 59. Kf4 {[#]} Bb3 (59...
b3 60. Ke5 (60. Rf3+ Kd2 (60... Kc2 61. Rc3+ Kxb2 62. Rxc4 a3 63. Rc8 a2 64.
Rxg8 a1=Q 65. Rf8 Qc1+ 66. Ke4 $8 Qc2+ 67. Kf4 $8 Qd2+ $19 {[%csl Rg7]}) (60...
Kd4 61. Re3 a3 $19) 61. Rf2+ (61. Rc3 a3 62. Rxc4 axb2 63. Rd4+ Ke2 64. Re4+
Kf2 $19) 61... Kc1 62. Ke3 a3 63. Kd4 axb2 64. Kxc4 b1=Q 65. Rf1+ Kb2 66. Rxb1+
Kxb1 67. Kxb3 $18) (60. Kf5 a3 61. bxa3 Kc3 62. Kg6 b2 63. Rxb2 Kxb2 64. a4 Kb3
65. a5 Kb4 {Gewinn um ein Tempo, also genau prüfen!}) 60... a3 61. bxa3 Kc3 62.
a4 b2 63. Rxb2 Kxb2 64. a5 Kc3) 60. Kf5 a3 61. bxa3 bxa3 62. Rf3+ Kc2 63. Rxb3
$1 Kxb3 64. Ke6 a2 65. Kf7 a1=Q 66. Kxg8 Kc2 67. Kh7 Qa7 68. Kh8 Qd4 69. Kh7
Qe4+ 70. Kh8 Qe5 71. Kh7 Qf5+ 72. Kh8 Qxh5 73. g8=Q Qg5 74. Qc4+ Kd2 75. Qd4+
Ke2 76. Qc4+ Kf3 77. Qf1+ Kg3 78. Qg1+ Kf4 79. Qf2+ Ke5 80. Qb2+ Kf5 81. Qc2+
Kf6 82. Qc6+ Kf7 83. Qc4+ Kg6 84. Qe4+ Qf5 85. Qg2+ Qg5 86. Qe4+ Kf7 87. Qc4+
1/2-1/2

[Event "FRA-ch Prelim Gr-B"]
[Site "Besancon"]
[Date "1999.08.22"]
[Round "7"]
[White "Hauchard, Arnaud"]
[Black "Vaisser, Anatoli"]
[Result "0-1"]
[WhiteElo "2518"]
[BlackElo "2564"]
[Annotator "Hecht,H"]
[PlyCount "154"]
[EventDate "1999.08.16"]
[EventType "tourn"]
[EventRounds "7"]
[EventCountry "FRA"]
[EventCategory "10"]
[SourceTitle "CBM 073"]
[Source "ChessBase"]
[SourceDate "1999.12.01"]
[SourceVersion "1"]
[SourceVersionDate "1999.12.01"]
[SourceQuality "1"]

1. d4 g6 2. e4 Bg7 3. c3 d5 4. exd5 Qxd5 5. Nf3 Nf6 6. Nbd2 O-O 7. Bc4 Qd6 8.
Nb3 b6 9. O-O Bb7 10. Re1 Nbd7 11. Qe2 e6 12. Bg5 Ne4 13. Bh4 Qf4 14. Bg3 Nxg3
15. hxg3 Qd6 16. Ba6 Bd5 17. Bc4 a5 18. Bxd5 Qxd5 19. Nbd2 a4 20. Nc4 b5 21.
Ne3 Qb7 22. Nc2 Rfd8 23. Rad1 c6 24. Ng5 Nf6 25. Ne4 Nxe4 26. Qxe4 Rd6 27. Nb4
a3 28. b3 Rad8 29. Nd3 b4 30. Nxb4 Bxd4 31. Qf3 Bg7 32. Nc2 Qd7 33. Rxd6 Qxd6
34. Kf1 Qd2 35. Nxa3 Qxa2 36. Nb1 Qxb3 37. Qxc6 Rd1 38. Qe4 f5 39. Qb4 Qc2 40.
Qb8+ Bf8 41. Qb5 Bc5 42. Qe2 Rxe1+ 43. Qxe1 e5 44. Nd2 Qxc3 45. Nf3 Qxe1+ 46.
Kxe1 {[#] Die weiße Position krankt an der allgemeinen Schwäche der weißen
Bauern. Die schwarze Gewinnidee besteht aus den drei Elementen Raumgewinn
durch Bauernaufzüge, Zentralisierung des Königs und Zugzwang.} Bd6 47. Ke2 h5
48. Nd2 Kf7 49. f3 Bb4 50. Nc4 Ke6 51. Kd3 Bc5 52. Ke2 Kd5 53. Nd2 e4 54. Nf1
g5 55. Nd2 g4 56. Nf1 Bg1 57. Nd2 Bb6 58. Nf1 Bc5 59. Nd2 Ba3 60. Nf1 Bc1 61.
Kd1 Bh6 62. Ke2 Bc1 63. Kd1 Bg5 64. Ke2 Bc1 65. Kd1 Bg5 66. Ke2 Bh6 67. Nh2 Kd4
68. Nf1 Bc1 69. Nh2 (69. Kd1 Kd3 70. Kxc1 Ke2 71. fxe4 fxe4 72. Nd2 e3 73. Nc4
Kf2 74. Nb2 Kxg3 75. Kd1 Kxg2 76. Ke2 h4 77. Nd1 g3 78. Nxe3+ Kg1) 69... f4 70.
Nf1 h4 {[#]} 71. gxf4 exf3+ 72. gxf3 g3 73. f5 Ke5 74. f6 Kf4 75. f7 Ba3 76.
Ne3 h3 77. Nc2 Bd6 0-1

[Event "Petrov Memorial op"]
[Site "St Petersburg"]
[Date "1996.??.??"]
[Round "1"]
[White "Zakharov, Alexander S"]
[Black "Komliakov, Viktor"]
[Result "1-0"]
[WhiteElo "2300"]
[BlackElo "2500"]
[Annotator "Hecht,H"]
[PlyCount "81"]
[EventDate "1996.02.??"]
[EventType "swiss"]
[EventRounds "9"]
[EventCountry "RUS"]
[SourceTitle "CBM 052"]
[Source "ChessBase"]
[SourceDate "1996.06.01"]
[SourceVersion "1"]
[SourceVersionDate "1996.06.01"]
[SourceQuality "1"]

1. e4 g6 2. d4 Bg7 3. Nc3 c6 4. g3 d5 5. e5 f6 6. f4 Nh6 7. Bg2 O-O 8. Nf3 Bg4
9. O-O Qb6 10. Na4 Qa5 11. Nc5 Na6 12. Nxa6 Qxa6 13. Be3 Qb6 14. Qd2 Bf5 15. c3
Ng4 16. Rfe1 Be4 17. h3 Nxe3 18. Rxe3 fxe5 19. Nxe5 Bxe5 20. fxe5 Bxg2 21. Qxg2
Rf5 22. b3 Raf8 23. Rd1 e6 24. Qe2 Qc7 25. Rd2 Qf7 26. Kg2 Rf1 27. Rc2 Qf5 28.
c4 h5 29. cxd5 cxd5 30. Rec3 Kg7 31. h4 g5 32. hxg5 Qxg5 33. Qxf1 Rxf1 34. Kxf1
{TT-D: offene Könige, Mattfinale nach schwarzem Fehler Zug 37} Qg4 35. Rc7+ Kg6
36. Rf2 Qh3+ 37. Ke1 h4 $2 (37... Qxg3 $1) 38. Rf6+ Kh5 39. Rh7+ Kg4 40. Rg7+ (
40. Rxh4+) 40... Kh5 41. g4+ 1-0

[Event "Hessen-ch"]
[Site "Bruchkoebel"]
[Date "2002.03.30"]
[Round "11"]
[White "Kersten, Uwe"]
[Black "Alber, Horst"]
[Result "1/2-1/2"]
[WhiteElo "2301"]
[BlackElo "2309"]
[Annotator "Hoehne,V/Loukas,T"]
[PlyCount "70"]
[EventDate "2002.03.22"]
[EventType "tourn"]
[EventRounds "11"]
[EventCountry "GER"]
[EventCategory "1"]
[SourceTitle "EXT 2003"]
[Source "ChessBase"]
[SourceDate "2002.11.25"]
[SourceVersion "1"]
[SourceVersionDate "2002.11.25"]
[SourceQuality "1"]

1. e4 g6 2. Nc3 Bg7 3. g3 c6 4. Bg2 b5 5. a3 (5. Nf3 d6 6. O-O b4 7. Ne2 Nf6 8.
d3 O-O 9. a3 bxa3 10. Rxa3 Nbd7 11. h3 Bb7 12. Be3 c5 13. Qc1 a6 14. Bh6 c4 15.
dxc4 Bxe4 16. Bxg7 Kxg7 17. Nc3 Bb7 18. Re1 Re8 19. Qd2 Rc8 20. b3 Rc5 21. Re3
Qa8 22. Ne1 Re5 23. Rxe5 Nxe5 24. Nd5 Nxd5 25. cxd5 e6 26. c4 exd5 27. cxd5 Kg8
28. Nc2 Qa7 29. Ne3 Qb6 30. Ra4 Bc8 31. Qb4 Qc7 32. Ra1 h5 33. Kh2 Qe7 34. Rd1
Qf6 35. Qf4 Qe7 36. Nc2 g5 37. Qd4 h4 38. g4 Qf6 39. Kg1 Bd7 40. Ne3 Nf3+ 41.
Bxf3 Qxf3 42. Rc1 Re4 43. Qd3 Re8 44. Rc7 Bb5 45. Qc3 Re5 46. Rc8+ Kh7 47. Rd8
Qf6 48. Qc2+ Kg7 49. Ra8 Qf3 50. Qc8 Re8 51. Qf5 Qf4 52. Qxf4 gxf4 53. Rxe8
Bxe8 54. Nf5+ Kf6 55. Nxd6 Bb5 56. Kg2 Ke5 57. Nxf7+ Kxd5 58. Kf3 Be8 59. Ng5
Ke5 60. Ke2 Bb5+ 61. Kd2 Bc6 62. Ke2 Bb5+ 63. Ke1 Bc6 64. Nf7+ Kd4 65. Nd6 Kc3
66. Nf5 a5 67. g5 Bd7 68. Nxh4 Kxb3 69. Kd2 a4 70. Kc1 Bxh3 71. g6 Be6 72. g7
Kc3 73. Ng6 a3 74. Kb1 Kd4 75. Nxf4 Bc4 76. Ng6 Ke4 77. Kc1 Kf5 78. Ne7+ Kf4
79. Nc6 Kf5 {1/2-1/2 Ignatiev,F-Zakharov,A/Moscow 1961/MCD (79).}) (5. d4 a6 6.
Be3 d6 7. f4 Nd7 8. e5 d5 9. e6 fxe6 10. Nf3 Nh6 11. Ne5 Nxe5 12. dxe5 Qa5 13.
a3 b4 14. axb4 Qxb4 15. O-O Rb8 16. Na4 Rb5 17. c3 Qb3 18. Qd2 Nf5 19. Ra3 Nxe3
20. Qxe3 Qc2 21. Rc1 Qf5 22. Bf1 g5 23. Bxb5 cxb5 24. Nc5 gxf4 25. Qxf4 Qxf4
26. gxf4 Bh6 27. Nd3 Bb7 28. Kf2 Rg8 29. Rg1 Rxg1 30. Kxg1 Kf7 31. Nc5 Bc8 32.
Ra1 Kg6 33. Rf1 Kf5 34. Kg2 a5 35. Rf3 d4 36. cxd4 Bxf4 37. Kf2 Kg5 38. h3 a4
39. Ke2 Bc1 40. Nd3 a3 41. bxa3 Bxa3 42. Nc5 {1-0 Relange,E-Zarrouati,P/FRA
1991/TD (42).}) 5... d6 6. f4 (6. d4 Nf6 7. Nf3 $14) 6... Nd7 7. Nf3 Rb8 8. d3
(8. d4 $14) 8... a5 9. Qe2 e5 10. O-O Ne7 11. f5 O-O 12. g4 d5 13. Nh4 $5 b4
14. axb4 Rxb4 15. Rf2 dxe4 (15... d4 $5) 16. Nxe4 Nd5 17. Bg5 $6 N7f6 (17...
Rxe4 $1 $11) 18. c3 Rb8 19. Raf1 (19. Nf3 $1) 19... Nf4 20. Qf3 Ba6 21. Nc5 Qb6
$2 (21... Bxd3 22. Rd1 Nxg2 23. Nxg2 e4 $11) 22. Bxf6 (22. Nxa6 $142 Qxa6 23.
Bxf4 exf4 24. g5 Nd5 25. f6 Bh8 26. c4 Nb4 27. Rd2 Rbd8 28. Rfd1 h6 29. Qxf4
$36) 22... Qxc5 23. Bxg7 Kxg7 24. d4 Qa7 25. dxe5 Nxg2 (25... Nd3 $5) 26. f6+
Kh8 27. Kxg2 Bxf1+ 28. Kxf1 Qd7 29. Qf4 Rb5 30. Nf3 Qe6 $2 (30... Rd5 $1 31.
Qh6 Rd1+ 32. Ne1 (32. Kg2 $4 Qxg4#) 32... Qd3+ 33. Kg2 Qe4+ 34. Kg3 (34. Kh3
$144) 34... Qxe5+ 35. Kh3 Rg8 $19) 31. Qh6 Rg8 32. Ng5 Qc4+ 33. Kg2 $2 (33. Re2
Qf4+ 34. Kg2 Qxg4+ 35. Kh1 $18) 33... Qxg4+ 34. Kh1 Qd1+ 35. Kg2 Qg4+ 1/2-1/2